Téka. Séták egy öndefiníció körül. [Láng Gusztáv: Kivándorló irodalom. Komp-Press, Kolozsvár, 1998]
Elmentve itt :
| Szerző: | |
|---|---|
| Adatforrás: | Meister |
| Forrásdokumentuma: | Korunk. - 1 sz., 1999, 116-120 p. |
| Nyelv: | magyar |
| Kulcsszavak: | irodalomtörténet-recenzió erdélyi irodalom Trianon magyarok (romániai) magyar irodalom (erdélyi) kisebbség helyzettudat azonosságtudat nemzeti identitás LÁNG Gusztáv GYÍMESI CS. Éva MAKKAI Sándor |
| LEADER | 00787nab a2200253 i 4500 | ||
|---|---|---|---|
| 001 | bibPRO00003552 | ||
| 008 | 060524s1999 xx hun | ||
| 040 | |a Sz1 | ||
| 041 | |a hun | ||
| 100 | 1 | |a BALÁZS Imre József | |
| 245 | 1 | 0 | |a Téka. Séták egy öndefiníció körül. [Láng Gusztáv: Kivándorló irodalom. Komp-Press, Kolozsvár, 1998] |c BALÁZS Imre József |
| 695 | |a irodalomtörténet-recenzió | ||
| 695 | |a erdélyi irodalom | ||
| 695 | |a Trianon | ||
| 695 | |a magyarok (romániai) | ||
| 695 | |a magyar irodalom (erdélyi) | ||
| 695 | |a kisebbség | ||
| 695 | |a helyzettudat | ||
| 695 | |a azonosságtudat | ||
| 695 | |a nemzeti identitás | ||
| 695 | |a LÁNG Gusztáv | ||
| 695 | |a GYÍMESI CS. Éva | ||
| 695 | |a MAKKAI Sándor | ||
| 773 | 0 | |t Korunk. - |g 1 sz., 1999, 116-120 p. | |